Psikologi untuk golongan profesional / (Record no. 394)

000 -LEADER
fixed length control field nam a22 a 4500
003 - CONTROL NUMBER IDENTIFIER
control field AKMAL
005 - DATE AND TIME OF LATEST TRANSACTION
control field 20170503154504.0
008 - FIXED-LENGTH DATA ELEMENTS--GENERAL INFORMATION
fixed length control field 170503s2004 my a g b 000 0 may d
020 ## - INTERNATIONAL STANDARD BOOK NUMBER
International Standard Book Number 9832679435 (kkt.) :
Terms of availability RM38.90
040 ## - CATALOGING SOURCE
Original cataloging agency AKMAL
082 04 - DEWEY DECIMAL CLASSIFICATION NUMBER
Classification number 150 ASM
Edition number 22
090 00 - LOCALLY ASSIGNED LC-TYPE CALL NUMBER (OCLC); LOCAL CALL NUMBER (RLIN)
Classification number (OCLC) (R) ; Classification number, CALL (RLIN) (NR) 150
Local cutter number (OCLC) ; Book number/undivided call number, CALL (RLIN) ASM
100 0# - MAIN ENTRY--PERSONAL NAME
Personal name Asmawati Desa
9 (RLIN) 896
245 10 - TITLE STATEMENT
Title Psikologi untuk golongan profesional /
Statement of responsibility, etc. Asmawati Desa
250 ## - EDITION STATEMENT
Edition statement Ed. ke-2
260 ## - PUBLICATION, DISTRIBUTION, ETC.
Place of publication, distribution, etc. Shah Alam :
Name of publisher, distributor, etc. McGraw-Hill (Malaysia),
Date of publication, distribution, etc. 2004
300 ## - PHYSICAL DESCRIPTION
Extent 223ms. :
Other physical details il. ;
Dimensions 26cm.
504 ## - BIBLIOGRAPHY, ETC. NOTE
Bibliography, etc. note Bibliografi: ms. 217-223
650 10 - SUBJECT ADDED ENTRY--TOPICAL TERM
Topical term or geographic name entry element Developmental psychology
9 (RLIN) 897
650 20 - SUBJECT ADDED ENTRY--TOPICAL TERM
Topical term or geographic name entry element Motivation (Psychology)
9 (RLIN) 559
650 20 - SUBJECT ADDED ENTRY--TOPICAL TERM
Topical term or geographic name entry element Psychology
9 (RLIN) 859
942 ## - ADDED ENTRY ELEMENTS (KOHA)
Source of classification or shelving scheme
Koha item type Book
Holdings
Withdrawn status Lost status Source of classification or shelving scheme Damaged status Not for loan Collection code Home library Current library Shelving location Date acquired Inventory number Total Checkouts Full call number Barcode Date last seen Price effective from Koha item type
          NON-FICTION AKMAL Melaka AKMAL Melaka PINJAMAN 03.05.2017 100530   150 ASM 201701305 03.05.2017 03.05.2017 Book
          NON-FICTION AKMAL Melaka AKMAL Melaka PINJAMAN 03.05.2017 100529   150 ASM 201701304 03.05.2017 03.05.2017 Book
Pusat Sumber Maklumat Dato' Haji Sarmin Md Hussin, Akademi Kastam Diraja Malaysia, Melaka
Tel: 06-2331106 | Faks: 06-2313787